Ken Marschall's art of Titanic / (Record no. 17138)

000 -LEADER
fixed length control field 01248pam a2200325 a 4500
008 - FIXED-LENGTH DATA ELEMENTS--GENERAL INFORMATION
fixed length control field 980813s1998 nyua 000 0 eng
010 ## - LIBRARY OF CONGRESS CONTROL NUMBER
LC control number 98041433
020 ## - INTERNATIONAL STANDARD BOOK NUMBER
International Standard Book Number 0786864559
050 00 - LIBRARY OF CONGRESS CALL NUMBER
Classification number ND237.M2458 A4 1998
100 1# - MAIN ENTRY--PERSONAL NAME
Personal name Marschall, Ken.
240 10 - UNIFORM TITLE
Uniform title <a href="Art of Titanic">Art of Titanic</a>
245 10 - TITLE STATEMENT
Title Ken Marschall's art of Titanic /
Statement of responsibility, etc. foreword by James Cameron ; text by Rick Archbold.
246 30 - VARYING FORM OF TITLE
Title proper/short title Art of Titanic
260 ## - PUBLICATION, DISTRIBUTION, ETC. (IMPRINT)
Place of publication, distribution, etc. New York :
Name of publisher, distributor, etc. Hyperion,
Date of publication, distribution, etc. 1998.
300 ## - PHYSICAL DESCRIPTION
Extent 159 p. :
Other physical details col. ill. ;
Dimensions 29 x 31 cm.
600 10 - SUBJECT ADDED ENTRY--PERSONAL NAME
Personal name Marschall, Ken.
610 20 - SUBJECT ADDED ENTRY--CORPORATE NAME
Corporate name or jurisdiction name as entry element Titanic (Steamship) in art.
700 1# - ADDED ENTRY--PERSONAL NAME
Personal name Archbold, Rick,
856 42 - ELECTRONIC LOCATION AND ACCESS
Materials specified Publisher description
Uniform Resource Identifier <a href="http://www.loc.gov/catdir/enhancements/fy1309/98041433-d.html">http://www.loc.gov/catdir/enhancements/fy1309/98041433-d.html</a>
942 ## - ADDED ENTRY ELEMENTS (KOHA)
Source of classification or shelving scheme
Koha item type Hard Covered Materials
Classification part ND237.M2458 A4 1998
Holdings
Withdrawn status Lost status Source of classification or shelving scheme Damaged status Not for loan Home library Current library Shelving location Date acquired Source of acquisition Total Checkouts Full call number Barcode Date last seen Price effective from Koha item type
          MACHAKOS UNIVERSITY LIBRARY MACHAKOS UNIVERSITY LIBRARY Open shelf 22/11/2016 Donation(BFA)   ND237.M2458 A4 1998 28046 31/05/2019 22/11/2016 Hard Covered Materials
© Machakos University Library, Along The Highway, Machakos Wote Rd, Machakos, Kenya P.O. Box 136 - 90100 Machakos - Kenya

Tel: ( +254 ) 723 805829 OR Fax : 044-20353 OR Email: library@mksu.ac.ke